Normal view
MARC view
Entry Personal Name
001 - CONTROL NUMBER
- control field: 50061
003 - CONTROL NUMBER IDENTIFIER
- control field: OSt
005 - DATE AND TIME OF LATEST TRANSACTION
- control field: 20250116103746.0
008 - FIXED-LENGTH DATA ELEMENTS
- fixed length control field: 250116|| aca||aabn | a|a d
040 ## - CATALOGING SOURCE
- Original cataloging agency: OSt
- Transcribing agency: OSt
100 ## - HEADING--PERSONAL NAME
- Personal name: Allen, R.C., Bertazzini, M.C. and Heldring, L.
670 ## - SOURCE DATA FOUND
- Source citation: Work cat.: (OSt)525329: Allen, R.C., Bertazzini, M.C. and Heldring, L. , The economic origins of government
